000 00872nam a2200217 4500
001 2162214035924096
003 UA-OsUOA
005 20231009162046.0
008 231009b un ||||| |||| 00| 0 ukr d
040 _aUA-OsUOA
_bukr
_cUA-OsUOA
_dUA-OsUOA
041 _aukr
080 _a012
090 _a012
_bІ-18
245 _aІван Франко
_bбібліографічний покажчик
_cсклав І. З. Бойко
250 _aвид. 2-ге., перероб. і доп.
260 _aКиїв
_c1956
300 _a288 с.
650 _2UDC
_a012 Бібліографії творів окремих авторів і окремих творів невідомих авторів
942 _2udc
_cBK
999 _c575267
_d575267